000 01006nmm a2200301 a 4500
001 ocm000785795
003 TR-IsHL
005 20201028143411.0
008 140410s2013 tu eng
007 cr cn
020 _a9781304265906
035 _a785795
_b(N$T)
050 0 4 _aPR4611.A73
_bC319 2013
090 0 4 _aPR4611.A73
_bC319 2013
100 1 _aCarrol, Lewis
245 1 0 _aAlice in Wonderland
_h[electronic resource] /
_cLewis Carrol ; with illustrations by Murat Ukray
260 _aİstanbul :
_bE-Kitap Projesi,
_c2013
300 _a73 p.
650 4 _aDil ve Edebiyat
650 4 _aLanguage and Literature
650 0 _aEnglish literature
_x Fiction
650 0 _aİngiliz edebiyatı
_x -Roman
650 0 _aFantasy fiction
650 0 _aFantezi roman
650 7 _aLITERARY COLLECTIONS / European / English, Irish, Scottish, Welsh
_2bisacsh
700 1 _aUkray, Murat
856 4 0 _uhttp://search.ebscohost.com/login.aspx?direct=true&scope=site&db=e011xww&AN=785795
999 _c8877
_d8877